000 00443nam a2200157Ia 4500
008 210210b1998 xxu||||| |||| 00| 0 eng d
020 _a81 250 0745 8
082 _a925 SCIG
100 _aSCIENTISTS WHO HAVE CHANGED THE WORLD.
245 _aWright brothers:the Aeroplane.by Anna Sproule.
260 _aHyderabad.
_bOrient Longman Ltd.,
_c1998
300 _a64
650 _aWright Fly Aeroplane
690 _aBiography
906 _aSG03619
999 _c114607
_d114607